000 00796cam a2200253 a 4500
001 111
003 BR-CuiBMT
005 20231108194010.0
008 230816s2022 mgb 000 0 por d
020 _a9786555183405
040 _aBR-CuiBMT
_cBR-CuiBMT
080 _22007
_a343.35
090 _a343.35
_bA277c
100 1 0 _aAgra, Walber de Moura
245 1 _aComentários sobre a lei de improbidade administrativa :
_bde acordo com as alterações promovidas pela Lei nº 14.230/2021 /
_cWalber de Moura Agra.
250 _a3. ed.
260 _aBelo Horizonte :
_bFórum,
_c2022.
300 _a389 p. ;
_c22 cm
504 _aInclui bibliografia.
650 _aDireito administrativo
650 _aDireito econômico
650 _aImprobidade administrativa
_vLegislação
942 _2udc
_cLV
999 _c111
_d111